00594nam a22001933 450000100060000000300060000600500170001200800370002903500190006604000260008504100080011108200210011910000190014024501430015925000120030226000420031430000200035675200240037627114UkOxU20211209051120.0140324s1848 stk 000 0 d a(BD-RjUL)27185 aBD-RjULbengcBD-RjUL aeng bWON 1848a958.6 1 aWolff, Joseph.10aNarrative of a mission to Bokhara, in the years 1843-1845, to ascertain the fate of colonel Stoddart and captain Conolly /c Joseph Wolff. a5th ed. aLondon :c1848bEdinburgh and London, a429p. ;c19 cm. aScotlanddEdinburgh